| 000 | 01244cam a2200265 4500 | ||
|---|---|---|---|
| 001 | ABS63465 | ||
| 008 | 000000n2001 000 0 eng u | ||
| 035 | _a(Sirsi) u110683 | ||
| 100 | _aBlackman, D. | ||
| 245 | _aRights and wrongs | ||
| 260 | _c2001 | ||
| 490 |
_aProperty Week _v66(4) 12 January 2001, 72-75(4) |
||
| 520 | _aA review of the effects of last month's four landmark cases when the High Court ruled that the SoS's powers to decide planning applications contradicted the Human Rights Act 1998. Includes sections on the scope of the Act, potential reactions to the Act, environmental protection and the Act, and the likely effects of the period of uncertainty faced by planning in the UK. | ||
| 590 | _aABS | ||
| 650 | _aENVIRONMENTAL PROTECTION | ||
| 650 | _aHUMAN RIGHTS ACT 1998 | ||
| 650 | _aPLANNING SYSTEM | ||
| 650 | _aR V SOS ENVIRONMENT, TRANSPORT AND THE REGIONS EX P ALCONBURY DEVELOPMENTS | ||
| 650 | _aR V SOS ENVIRONMENT EX P HOLDING AND BARNES PLC | ||
| 650 | _aR V SOS ENVIRONMENT EX P LEGAL AND GENERAL ASSURANCE SOCIETY | ||
| 650 | _aR V SOS ENVIRONMENT EX P PREMIER LEISURE | ||
| 650 | _aSOS ENVIRONMENT | ||
| 690 | _aENVIRONMENTAL AND LAND CONSULTANCY-PLANNING AND DEVELOPMENT | ||
| 942 | _n0 | ||
| 999 |
_c65958 _d65958 |
||